| 000 | 04457cam a22005297a 4500 | ||
|---|---|---|---|
| 001 | 17150490 | ||
| 003 | OSt | ||
| 005 | 20160525152652.0 | ||
| 008 | 120206s2011 onca b 001 0deng | ||
| 010 | _a 2012359622 | ||
| 016 | 7 |
_a101575144 _2DNLM |
|
| 016 | _a20119053462 | ||
| 020 | _a9780802098368 (bound : alk. paper) | ||
| 020 | _a0802098363 (bound : alk. paper) | ||
| 020 | _a9780802095626 (pbk. : alk. paper) | ||
| 020 | _a0802095623 (pbk. : alk. paper) | ||
| 035 | _a(OCoLC)ocn727326101 | ||
| 040 | _aSEKU | ||
| 042 |
_anlmcopyc _alccopycat |
||
| 043 | _an-cn--- | ||
| 050 | 0 | 0 |
_aRA 450.3 _b.E54 2011 |
| 245 | 0 | 0 |
_aEngendering migrant health : _bCanadian perspectives / _cedited by Denise L. Spitzer. |
| 260 |
_aToronto ; _aBuffalo, NY : _bUniversity of Toronto Press, _cc2011. |
||
| 300 |
_aix, 320 p. : _bill. ; _c24 cm. |
||
| 504 | _aIncludes bibliographical references (p. [251]-303) and index. | ||
| 505 | 0 | _aWork, worries, and weariness : towards an embodied and engendered migrant health / Denise L. Spitzer -- Examining the health of immigrant and refugee francophone women living outside Québec / Michèle Kérisit -- Enhancing social inclusion : settlement services in relation to lesbian, gay, and bisexual newcomers / Brian O'Neill and Kamala Sproule -- The fatherhood experiences of Sudanese and Russian newcomer men : challenges to their health and well-being / David C. Este and Admasu Tachble -- Mental health and well-being of immigrant and refugee women in Canada / Ilene Hyman -- Gender-based interpersonal violence and the challenges of integrating in Canadian communities / Wilfreda Thurston -- Liminality and mental well-being among non-status immigrant women / Laura Simich -- Social suffering and witnessing : exploring the interface between policy and testimonial narratives of Canadian Afghan women / Parin Dossa -- Advocacy and social support : the Multicultural Heatlh Brokers Co-op's journey towards equity of access to health / Lucenia Ortiz and the Multiculural Health Brokers Co-op -- Empowering women through community work : strategies within the Latin American Community in Ottawa / Sara Torres, Alma Estable, Ana Mercedes Guerra, and Nubia Cermeño -- Global Ottawa AIDS Link (GOAL) : story of an 'un-project' / Carol Amaratunga ... [et al.] -- At the intersection of migration, gender, and health : accounting for social capital / Bilkis Vissandjée ... [et al.] -- Engendering migrant health : final reflections / Denise L. Spitzer. | |
| 520 |
_a"Voluntary migrants to Canada are generally healthier than the average Canadian, but after ten years in the country they report poorer health and higher rates of chronic disease than those born here. Troublingly, women - particularly those from non-European countries - experience the most precipitous decline in health. What contributes to this deterioration, and how can its effects be mitigated? -- _csource other than Libreary of Congress. |
||
| 520 | _aEngendering Migrant Health brings together researchers from across Canada to address the intersections of gender, immigration, and health in the lives of new Canadians. Focusing on the context of Canadian policy and society, the contributors illuminate migrants' testimonies of struggle, resistance, and solidarity as they negotiate a place for themselves in a new country. Topics range from the difficulties of Francophone refugees and the changing roles of fathers, to the experiences of queer newcomers and the importance of social unity to communal and individual health."--pub. desc. | ||
| 650 | 0 |
_aImmigrants _xHealth and hygiene _zCanada. |
|
| 650 | 0 |
_aWomen immigrants _xHealth and hygiene _zCanada. |
|
| 650 | 0 |
_aWomen refugees _xHealth and hygiene _zCanada. |
|
| 650 | 0 |
_aImmigrants _zCanada _xSocial conditions. |
|
| 650 | 0 |
_aRefugees _zCanada _xSocial conditions. |
|
| 650 | 1 | 2 |
_aEmigrants and Immigrants _zCanada. |
| 650 | 1 | 2 |
_aWomen's Health _zCanada. |
| 650 | 2 | 2 |
_aHealth Services Accessibility _zCanada. |
| 650 | 2 | 2 |
_aRefugees _zCanada. |
| 650 | 2 | 2 |
_aSocioeconomic Factors _zCanada. |
| 650 | 2 | 2 |
_aTransients and Migrants _zCanada. |
| 650 | 6 |
_aImmigrants _xSanté et hygiène _zCanada. |
|
| 650 | 6 |
_aImmigrantes _xSanté et hygiène _zCanada. |
|
| 650 | 6 |
_aRéfugiées _xSanté et hygiène _zCanada. |
|
| 650 | 6 |
_aImmigrants _zCanada _xConditions sociales. |
|
| 650 | 6 |
_aRéfugiés _zCanada _xConditions sociales. |
|
| 700 | 1 | _aSpitzer, Denise L. | |
| 942 |
_2lcc _cGEN |
||
| 999 |
_c14673 _d14673 |
||